000 01133cam a22003377a 4500
003 CHAP
005 20220329135321.0
008 971013s1937 r 00010 d
010 _a34303
011 _a35275
035 _a39391
040 _cCHAP
090 _aMP-79
100 0 0 _aLundell, Cyrus Longworth.
_969147
245 1 4 _aThe vegetation of Peten. With an appendix
260 _aWashington :
_bCarnegie Institution of Washington,
_c1937
300 _a244 p.
_b: ilus.
490 0 _aCarnegie Institution of Washington. Publication
_v; 478
500 _aStudies of Mexican and Central American Plants I.
590 _aBATCH-UPD
_b10
_c20130110
_lUCH01
_h0236
590 _aBATCH-UPD
_b10
_c20130110
_lUCH01
_h1041
590 _aBATCH-UPD
_b10
_c20130409
_lUCH01
_h2302
590 _aBATCH-UPD
_b10
_c20130914
_lUCH01
_h0731
590 _aCONVERSION
_b10
_c20130109
_lUCH01
_h1319
650 1 4 _aBotánica
_xGuatemala.
_914547
650 1 4 _aBotánica
_zMéxico.
_914641
830 0 _aCarnegie Institution of Washington. Publication
_v; 478
_919233
901 _aBK
942 _cMP
949 _aMP-79
_bBC
_cMP
_d-89797
_eMP
_i39391
_si
999 _c34303
_d34303